[Event "OL 2002"]
[Site "Bled"]
[Date "2002.11.05"]
[Round "10.4"]
[White "Ibraev, Nurlan"]
[Black "Pedersen, Nicolai Vesterbaek"]
[Result "1/2-1/2"]
[WhiteElo "2398"]
[BlackElo "2495"]
[PlyCount "77"]
[EventDate "2002.??.??"]
[WhiteTeam "Kazakhstan"]
[BlackTeam "Denmark"]

1. d4 Nf6 2. c4 e6 3. Nf3 b6 4. g3 Ba6 5. b3 Bb4+ 6. Bd2 Be7 7. Bg2 c6 8. O-O
d5 9. Ne5 Nfd7 10. Nxd7 Nxd7 11. Bc3 O-O 12. Nd2 Nf6 13. e4 b5 14. exd5 cxd5
15. Re1 bxc4 16. bxc4 Bxc4 17. Nxc4 Qc8 18. Qa4 Rb8 19. Qxa7 Qxc4 20. Rec1 Bb4
21. Bf1 Qxc3 22. Rxc3 Bxc3 23. Rc1 Ra8 24. Qc7 Bxd4 25. Rc2 Ne4 26. Kg2 Nxf2
27. Rxf2 Bxf2 28. Kxf2 Rxa2+ 29. Be2 Rfa8 30. Ke3 g6 31. h4 d4+ 32. Kf3 h6 33.
Bd3 Rd2 34. Ke4 Ra3 35. Qb8+ Kg7 36. Qe5+ Kg8 37. Qb8+ Kg7 38. Qe5+ Kg8 39.
Qb8+ 1/2-1/2

[Event "OL 2002"]
[Site "Bled"]
[Date "2002.11.06"]
[Round "11.2"]
[White "Schandorff, Lars"]
[Black "Socko, Bartosz"]
[Result "1/2-1/2"]
[WhiteElo "2546"]
[BlackElo "2569"]
[PlyCount "49"]
[EventDate "2002.10.26"]
[WhiteTeam "Denmark"]
[BlackTeam "Poland"]

1. d4 Nf6 2. c4 e6 3. Nf3 b6 4. g3 Ba6 5. b3 Bb4+ 6. Bd2 Be7 7. Bg2 c6 8. Bc3
d5 9. Nbd2 Nbd7 10. O-O O-O 11. Re1 Bb7 12. e4 dxe4 13. Ng5 c5 14. Ndxe4 cxd4
15. Bxd4 Qc7 16. Nxf6+ Bxf6 17. Bxb7 Qxb7 18. Ne4 Bxd4 19. Qxd4 Rad8 20. Rad1
Qa8 21. Qc3 Nb8 22. Nf6+ gxf6 23. Qxf6 Rxd1 24. Qg5+ Kh8 25. Qf6+ 1/2-1/2

[Event "OL 2002"]
[Site "Bled"]
[Date "2002.11.06"]
[Round "11.3"]
[White "Miton, Kamil"]
[Black "Mortensen, Erling"]
[Result "1-0"]
[WhiteElo "2564"]
[BlackElo "2458"]
[PlyCount "97"]
[EventDate "2002.10.26"]
[WhiteTeam "Poland"]
[BlackTeam "Denmark"]

1. d4 g6 2. c4 Bg7 3. e4 d6 4. Nc3 Nf6 5. f3 O-O 6. Bg5 c5 7. d5 e6 8. Qd2 exd5
9. cxd5 h6 10. Be3 a6 11. a4 Nh7 12. Nge2 Nd7 13. Nf4 Ne5 14. Be2 Bd7 15. O-O
b5 16. axb5 axb5 17. Nxb5 Bxb5 18. Bxb5 Rb8 19. Be2 Rxb2 20. Qd1 Nf6 21. Nh3 g5
22. Nf2 Nfd7 23. g3 Nb6 24. Ra6 Nbc4 25. Bc1 Rb6 26. f4 gxf4 27. gxf4 Nf3+ 28.
Bxf3 Rxa6 29. Be2 Ra1 30. Bxc4 Qh4 31. Qf3 Kh8 32. Be3 Ra3 33. Bd3 f5 34. e5
Rg8 35. Kh1 dxe5 36. Bxc5 e4 37. Nxe4 Ra2 38. Nf2 Rc8 39. Qe3 Qf6 40. Be7 Qf7
41. Qe6 Qxe6 42. dxe6 Re8 43. Bh4 Ra5 44. e7 Bd4 45. Re1 Kg7 46. Rg1+ Kh7 47.
Ng4 Bxg1 48. Nf6+ Kg6 49. Nxe8 1-0

[Event "OL 2002"]
[Site "Bled"]
[Date "2002.11.06"]
[Round "11.4"]
[White "Pedersen, Nicolai Vesterbaek"]
[Black "Markowski, Tomasz"]
[Result "0-1"]
[WhiteElo "2495"]
[BlackElo "2549"]
[PlyCount "80"]
[EventDate "2002.10.26"]
[WhiteTeam "Denmark"]
[BlackTeam "Poland"]

1. e4 c5 2. c3 d5 3. exd5 Qxd5 4. d4 Nf6 5. Nf3 e6 6. Na3 Nc6 7. Nb5 Qd8 8.
dxc5 Bxc5 9. Qxd8+ Kxd8 10. b4 Bb6 11. Nd6 Ke7 12. Nc4 Ne4 13. Nxb6 axb6 14. a3
f6 15. Bb2 Rd8 16. a4 e5 17. Be2 Be6 18. O-O Bb3 19. Ra3 Bc2 20. Rc1 Bd3 21.
Kf1 g5 22. Re1 Bxe2+ 23. Rxe2 Rd1+ 24. Re1 Rxe1+ 25. Kxe1 Rd8 26. g4 Ke6 27.
Ke2 Ne7 28. c4 Rc8 29. c5 bxc5 30. b5 Nd6 31. Nd2 Nd5 32. Kd1 Ra8 33. Kc2 Nb6
34. Nb3 Kd5 35. Ra1 Nxa4 36. Ba3 b6 37. Rd1+ Ke6 38. Ra1 Ke7 39. h4 h6 40. hxg5
hxg5 0-1

[Event "OL 2002"]
[Site "Bled"]
[Date "2002.11.07"]
[Round "12.3"]
[White "Mortensen, Erling"]
[Black "Oral, Tomas"]
[Result "1-0"]
[WhiteElo "2458"]
[BlackElo "2546"]
[PlyCount "159"]
[EventDate "2002.??.??"]
[WhiteTeam "Denmark"]
[BlackTeam "Czech Republic"]

1. e4 c5 2. Nf3 Nc6 3. Bb5 e6 4. Bxc6 bxc6 5. d3 Ne7 6. Qe2 Ng6 7. h4 h5 8. e5
d6 9. exd6 Bxd6 10. Na3 e5 11. Ng5 f6 12. Ne4 Be7 13. Nc4 Bg4 14. f3 Be6 15.
Bd2 Bxc4 16. dxc4 Nf4 17. Bxf4 exf4 18. Rd1 Qa5+ 19. Kf2 O-O 20. Nc3 Rae8 21.
Qe6+ Kh8 22. Qxc6 Qb4 23. Qb5 a6 24. Qxb4 cxb4 25. Ne4 Rc8 26. Rd7 Bd8 27. Nd6
Bb6+ 28. Ke2 Rc5 29. Rd1 Ra5 30. Rb7 Bc5 31. Ne4 f5 32. Nxc5 Rxc5 33. Rdd7 Rxc4
34. Rxg7 Rxc2+ 35. Kd3 Rfc8 36. Rh7+ Kg8 37. Rxh5 Rxb2 38. Rg5+ Kh8 39. Rh5+
Kg8 40. Rxf5 Rxg2 41. Rg5+ Rxg5 42. hxg5 Rc5 43. Rxb4 Rxg5 44. Ke4 Ra5 45. a4
Rh5 46. Rd4 Kf7 47. Kxf4 Ke6 48. Re4+ Kf6 49. Ke3 Rh1 50. Rc4 Ra1 51. Rc6+ Kg5
52. Rxa6 Re1+ 53. Kf2 Ra1 54. Ke3 Re1+ 55. Kd2 Ra1 56. Ra8 Ra3 57. Ke2 Kf4 58.
a5 Re3+ 59. Kd2 Re7 60. Rf8+ Ke5 61. Kc3 Kd5 62. Rf5+ Ke6 63. Rf4 Kd5 64. a6
Re3+ 65. Kb4 Kc6 66. Rf6+ Kc7 67. f4 Kb8 68. Rf7 Re1 69. f5 Ra1 70. Kb5 Rb1+
71. Kc5 Ra1 72. Rb7+ Ka8 73. Rb6 Ka7 74. Rf6 Rd1 75. Rd6 Rf1 76. f6 Kb8 77. Kc6
Kc8 78. a7 Rc1+ 79. Kd5 Kb7 80. Ke6 1-0

[Event "OL 2002"]
[Site "Bled"]
[Date "2002.11.08"]
[Round "13.2"]
[White "Mikhalchishin, Adrian"]
[Black "Schandorff, Lars"]
[Result "1/2-1/2"]
[PlyCount "88"]
[WhiteTeam "Slovenia"]
[BlackTeam "Denmark"]
[WhiteElo "2542"]
[BlackElo "2546"]

1. d4 Nf6 2. c4 e6 3. Nf3 b6 4. Nc3 Bb7 5. a3 d5 6. cxd5 Nxd5 7. Bd2 Nd7 8. Qc2
c5 9. Nxd5 Bxd5 10. e4 Bb7 11. Bc3 cxd4 12. Nxd4 a6 13. g3 Rc8 14. Bg2 Bc5 15.
Qe2 O-O 16. O-O Qc7 17. Rfd1 Rfd8 18. Nb3 Be7 19. Rac1 Nc5 20. Bb4 Rxd1+ 21.
Qxd1 a5 22. Nxc5 Bxc5 23. Bxc5 bxc5 24. Qc2 h6 25. h4 Rd8 26. Rd1 Rxd1+ 27.
Qxd1 Kf8 28. Qd2 Ke7 29. Qc3 f6 30. e5 Bxg2 31. exf6+ gxf6 32. Kxg2 c4 33. Qd4
Qb7+ 34. Kg1 Qb5 35. g4 e5 36. Qd2 Ke6 37. Kh2 a4 38. h5 Qb3 39. Kg2 Qb7+ 40.
f3 Qb3 41. Kg3 Qb6 42. Qxh6 Qg1+ 43. Kh3 Qh1+ 44. Kg3 Qg1+ 1/2-1/2

[Event "OL 2002"]
[Site "Bled"]
[Date "2002.11.08"]
[Round "13.4"]
[White "Pavasovic, Dusko"]
[Black "Pedersen, Nicolai Vesterbaek"]
[Result "0-1"]
[PlyCount "88"]
[WhiteTeam "Slovenia"]
[BlackTeam "Denmark"]
[WhiteElo "2581"]
[BlackElo "2495"]

1. e4 e5 2. Nf3 Nc6 3. d4 exd4 4. Nxd4 Bc5 5. Nxc6 Qf6 6. Qd2 dxc6 7. Nc3 Bd4
8. Bd3 Ne7 9. O-O Ng6 10. Kh1 Ne5 11. Be2 Ng4 12. Nd1 Qd6 13. g3 h5 14. c3 Bb6
15. Qg5 Qe5 16. f3 Qxg5 17. Bxg5 Ne5 18. h4 Be6 19. Ne3 f6 20. Bf4 O-O-O 21.
Rad1 Bxe3 22. Bxe3 Bxa2 23. f4 Rxd1 24. Bxd1 Bc4 25. Rf2 Ng4 26. Bxg4+ hxg4 27.
e5 Re8 28. Bd4 c5 29. Bxc5 fxe5 30. fxe5 Rxe5 31. Rf8+ Kd7 32. Bd4 Re2 33. b4
Bd5+ 34. Kg1 Rg2+ 35. Kf1 Rxg3 36. Bxg7 Rh3 37. Rh8 a5 38. bxa5 c5 39. Rh5 Kc6
40. Be5 g3 41. Rg5 Rh1+ 42. Ke2 g2 43. c4 Bxc4+ 44. Kf2 Bd5 0-1